Zakli︠u︡chitelʹnoe slovo na XXII sʺezde KPSS, 27 okti︠a︡bri︠a︡ 1961 goda.

Bibliographic Details
Main Author: Khrushchev, Nikita Sergeevich, 1894-1971
Format: Book
Language:Russian
Published: Moskva : Gos. izd-vo polit. lit-ry, 1961.
Subjects:

MARC

Tag First Indicator Second Indicator Subfields
LEADER 00000cam a2200000I 4500
001 in00001767821
005 20151025073656.0
008 811123s1961 ru 000 0 ruso
010 |a  62048783  
035 |a (OCoLC)ocm07951506 
040 |a DLC  |c KSW  |d DGW  |d TXA  |d UtOrBLW 
049 |a TXAM 
050 0 |a DK274.3 1961  |b .K55 
100 1 |a Khrushchev, Nikita Sergeevich,  |d 1894-1971. 
245 1 0 |a Zakli︠u︡chitelʹnoe slovo na XXII sʺezde KPSS, 27 okti︠a︡bri︠a︡ 1961 goda. 
264 1 |a Moskva :  |b Gos. izd-vo polit. lit-ry,  |c 1961. 
300 |a 46 pages ;  |c 21 cm. 
336 |a text  |b txt  |2 rdacontent 
337 |a unmediated  |b n  |2 rdamedia 
338 |a volume  |b nc  |2 rdacarrier 
500 |a Romanized record. 
600 1 0 |a Stalin, Joseph,  |d 1878-1953. 
650 0 |a World politics  |y 1945- 
610 2 0 |a Partia e Punës së Shqipërisë. 
948 |a cataloged  |b h  |c 2003/6/25  |d c  |e tchubaryan  |f 11:24:24 am 
949 |a updated  |b h  |c 2003/6/25  |e tchubaryan  |f 11:24:29 am 
994 |a E0  |b TXA 
999 |a MARS 
999 f f |s 2f7f3114-5af0-3e52-83a2-98191a05f33d  |i 08a66b40-c38a-317a-9c26-032f0183244a  |t 0 
952 f f |p ric  |a Texas A&M University  |b Rellis Campus  |c Joint Library Facility  |d Remote Storage  |t 0  |e DK274.3 1961 .K55  |h Library of Congress classification  |i unmediated -- volume  |m A14830303401 
998 f f |a DK274.3 1961 .K55  |t 0  |l Remote Storage